Statistics for Moons of the solar system

Click here to take the quiz!

General Stats

  • This quiz has been taken 99 times
  • The average score is 63 of 172

Answer Stats

Answer% Correct
Moon
94%
Ganymede
85%
Io
85%
Titan
85%
Triton
79%
Callisto
76%
Charon
76%
Europa
76%
Deimos
73%
Phobos
73%
Oberon
64%
Titania
64%
Nix
61%
Ariel
58%
Rhea
58%
Styx
55%
Enceladus
52%
Nereid
52%
Puck
52%
Umbriel
52%
Hydra
48%
Iapetus
48%
Juliet
48%
Kerberos
48%
Miranda
48%
Naiad
48%
Proteus
48%
Cordelia
45%
Cupid
45%
Desdemona
45%
Dysnomia
45%
Francisco
45%
Larissa
45%
Mimas
45%
Namaka
45%
Ophelia
45%
Prospero
45%
Rosalind
45%
Sycorax
45%
Thalassa
45%
Adrastea
42%
Amalthea
42%
Beli
42%
Belinda
42%
Bianca
42%
Caliban
42%
Despina
42%
Dione
42%
Ferdinand
42%
Hi'iaka
42%
Himalia
42%
Hyperion
42%
Margaret
42%
Neso
42%
Perdita
42%
Sao
42%
Stephano
42%
Tethys
42%
Calypso
39%
Epimetheus
39%
Galatea
39%
Janus
39%
Mab
39%
Phoebe
39%
Portia
39%
Prometheus
39%
Psamathe
39%
Setebos
39%
Thebe
39%
Themisto
39%
Trinculo
39%
Atlas
36%
Callirrhoe
36%
Cyllene
36%
Dia
36%
Fenrir
36%
Hippocamp
36%
Leda
36%
Pan
36%
Ymir
36%
Aegir
33%
Ananke
33%
Carme
33%
Daphnis
33%
Elara
33%
Eurydome
33%
Helike
33%
Laomedeia
33%
Methone
33%
Metis
33%
Pandora
33%
Sponde
33%
Telesto
33%
Albiorix
30%
Bestla
30%
Carpo
30%
Chaldene
30%
Erinome
30%
Halimede
30%
Hati
30%
Hegemone
30%
Isonoe
30%
Kale
30%
Kallichore
30%
Kalyke
30%
Kari
30%
Kore
30%
Lysithea
30%
Mneme
30%
Pasiphae
30%
Sinope
30%
Skoll
30%
Thyone
30%
Anthe
27%
Aoede
27%
Bebhionn
27%
Eukelade
27%
Helene
27%
Herse
27%
Iocaste
27%
Jarnsaxa
27%
Kiviuq
27%
Loge
27%
Megaclite
27%
Narvi
27%
Orthosie
27%
Polydeuces
27%
Praxidike
27%
Siarnaq
27%
Skathi
27%
Tarvos
27%
Taygete
27%
Thrymr
27%
Bergelmir
24%
Euanthe
24%
Euporie
24%
Fornjot
24%
Greip
24%
Harpalyke
24%
Hermippe
24%
Ijiraq
24%
Paaliaq
24%
Pallene
24%
Thelxinoe
24%
Valetudo
24%
Aegeon
21%
Aitne
21%
Arche
21%
Autonoe
21%
Erriapus
21%
Ersa
21%
Pandia
21%
Pasithee
21%
Surtur
21%
Tarqeq
21%
Alvaldi
18%
Eggther
18%
Eirene
18%
Eupheme
18%
Farbauti
18%
Gerd
18%
Gridr
18%
Gunnlod
18%
Skrymir
18%
Suttungr
18%
Cressinda
15%
Geirrod
15%
Hyrrokkin
15%
Mundilfari
15%
Philophrosyne
15%
Angrboda
12%
Thiazzi
12%

Score Distribution

Percentile by Number Answered

Percent of People with Each Score

Your Score History

You have not taken this quiz